Cargando…

The Civil War Diary of Rev. James Sheeran, C.Ss.R. : Chaplain, Confederate, Redemptorist

Detalles Bibliográficos
Autor principal: Sheeran, James B., 1819-1881 (Autor)
Otros Autores: Hayes, Patrick J., 1966- (Editor )
Formato: Electrónico eBook
Idioma:Inglés
Publicado: [Place of publication not identified] : Catholic University of America Press, 2017.
Colección:Book collections on Project MUSE.
Temas:
Acceso en línea:Texto completo

MARC

LEADER 00000cam a22000004a 4500
001 musev2_49314
003 MdBmJHUP
005 20230905045125.0
006 m o d
007 cr||||||||nn|n
008 161213s2017 xx o 00 0 eng d
020 |a 9780813228839 
020 |z 9780813228822 
035 |a (OCoLC)966847414 
040 |a MdBmJHUP  |c MdBmJHUP 
100 1 |a Sheeran, James B.,  |d 1819-1881,  |e author. 
245 1 4 |a The Civil War Diary of Rev. James Sheeran, C.Ss.R. :   |b Chaplain, Confederate, Redemptorist 
264 1 |a [Place of publication not identified] :  |b Catholic University of America Press,  |c 2017. 
264 3 |a Baltimore, Md. :  |b Project MUSE,   |c 2017 
264 4 |c ©2017. 
300 |a 1 online resource. 
336 |a text  |b txt  |2 rdacontent 
337 |a computer  |b c  |2 rdamedia 
338 |a online resource  |b cr  |2 rdacarrier 
505 0 |a List of Illustrations; Editor's Introduction; The Journal; Salutation; 1. A Bloody Month: From Cedar Mountain to Second Manassas (August 1862); 2. The Push into Maryland: Southern Campaigns from Chantilly to Harpers Ferry (September 1-16, 1862); 3. Potomac Crossings: Master Tactitions and Catholic Encounters, Sharpsburg to Fredericksburg (September 17-December 15, 1862); 4. Winter Yields to Spring: Priestly Ministrations, "Outranking" General Lee, and the Butchery of Chancellorsville (December 16, 1862-May 6, 1863). 
505 0 |a 5. A Respite Day, a Hard Bargain for Food, and the Battle of Gettysburg (May 8-July 5, 1863)6. Into Virginia: Martinsburg, a Visit to President Madison's House, and Priestly Ministrations at the Battle of Bristoe Station (July 6-October 17, 1863); 7. Furlough into the Deep South: A Tour through Alabama, Georgia, South Carolina, and Virginia (October 17, 1863-February 5, 1864); 8. Richmond Letters (February 6-May 3, 1864); 9. The Shenandoah Campaign: The Battles of the Wilderness and Cold Harbor (May 4-June 12, 1864). 
505 0 |a 10. Into the Valley: Lynchburg, Monocacy, Second Kernstown, and Third Winchester (Opequon) (June 13-September 23, 1864)11. A Pass into Enemy Lines, the Battle of Cedar Creek, and Capture (September 24-November 7, 1864); 12. Incarceration at Fort McHenry, Interviews with General Sheridan, and Parole (November 8, 1864-May 7, 1865); Appendix. Vocational Autobiography of Frater James Sheeran, CSSR; General Index; Index of Places. 
588 |a Description based on print version record. 
600 1 7 |a Sheeran, James B.,  |d 1819-1881.  |2 fast  |0 (OCoLC)fst01482869 
600 1 0 |a Sheeran, James B.,  |d 1819-1881  |v Diaries. 
610 1 7 |a Confederate States of America.  |b Army.  |2 fast  |0 (OCoLC)fst00539981 
610 1 0 |a Confederate States of America.  |b Army  |x Chaplains. 
651 7 |a United States.  |2 fast  |0 (OCoLC)fst01204155 
651 6 |a États-Unis  |x Histoire  |y 1861-1865 (Guerre de Secession)  |x Aumôniers. 
651 0 |a United States  |x History  |y Civil War, 1861-1865  |x Chaplains. 
650 7 |a Chaplains.  |2 fast  |0 (OCoLC)fst00852224 
650 7 |a Armed Forces  |x Chaplains.  |2 fast  |0 (OCoLC)fst01351747 
650 7 |a HISTORY  |z United States  |x State & Local  |x General.  |2 bisacsh 
655 7 |a Journaux intimes.  |2 rvmgf 
655 7 |a Diaries.  |2 lcgft 
655 7 |a History.  |2 fast  |0 (OCoLC)fst01411628 
655 7 |a Diaries.  |2 fast  |0 (OCoLC)fst01423794 
655 7 |a diaries.  |2 aat 
655 2 |a Diary 
655 7 |a Electronic books.   |2 local 
700 1 |a Hayes, Patrick J.,  |d 1966-  |e editor. 
710 2 |a Project Muse.  |e distributor 
830 0 |a Book collections on Project MUSE. 
856 4 0 |z Texto completo  |u https://projectmuse.uam.elogim.com/book/49314/ 
945 |a Project MUSE - Custom Collection 
945 |a Project MUSE - 2017 Complete 
945 |a Project MUSE - 2017 History